000 00536nam a2200217Ia 4500
003 0100
005 20161206105109.0
008 130303s9999 xx 000 0 und d
040 _cARRUPELIB
050 _aDT2963.H79A3
100 _aHoste, Skipper
_927957
245 _aGold Fever
260 _aHarare
260 _bPioneer Head
300 _a143p.
300 _b 22cm.
600 _aHoste, Henry Francis
_927958
650 _bZimbabwe
_xHistory
_y1890-
_927959
700 _aDavies, N.S. ed.
_927960
942 _2lcc
_cMONOGRAPH
999 _c66581
_d66581